الإمكانات التشكيلية للتوليف بين الأسلاك والشرائح المعدنية وخامات النخيل كمدخل لاستلهام مشغولات معدنية لطلاب مرحلة ما قبل التعليم الجامعي / (رقم التسجيلة. 180127)

تفاصيل مارك
000 -LEADER
fixed length control field 05194namaa22004331i 4500
003 - CONTROL NUMBER IDENTIFIER
control field OSt
005 - أخر تعامل مع التسجيلة
control field 20260608115320.0
008 - FIXED-LENGTH DATA ELEMENTS--GENERAL INFORMATION
fixed length control field 250827s2024 ua a|||frm||| 000 0 eng d
040 ## - CATALOGING SOURCE
Original cataloguing agency EG-GICUC
Language of cataloging ara
Transcribing agency EG-GICUC
Modifying agency EG-GICUC
Description conventions rda
041 0# - LANGUAGE CODE
Language code of text/sound track or separate title ara
Language code of summary or abstract ara
-- eng
049 ## - Acquisition Source
Acquisition Source إيداع
082 04 - DEWEY DECIMAL CLASSIFICATION NUMBER
Classification number 739
092 ## - LOCALLY ASSIGNED DEWEY CALL NUMBER (OCLC)
Classification number 739
Edition number 21
097 ## - Degree
Degree مــــاجستير
099 ## - LOCAL FREE-TEXT CALL NUMBER (OCLC)
Local Call Number Cai01.25.01.M.Sc.2024.شا.إ
100 0# - MAIN ENTRY--PERSONAL NAME
Authority record control number or standard number ،شاريهان زهير عبد العليم سليمان
Preparation إعداد.
245 12 - TITLE STATEMENT
Title الإمكانات التشكيلية للتوليف بين الأسلاك والشرائح المعدنية وخامات النخيل كمدخل لاستلهام مشغولات معدنية لطلاب مرحلة ما قبل التعليم الجامعي /
Statement of responsibility, etc. إعداد شاريهان زهير عبد العليم سليمان؛ إشراف أ.م.د/ علام محمود علام محمد، د/ مروي عبد العاطي.
246 15 - VARYING FORM OF TITLE
Title proper/short title The plastic capabilities of the synthesis between wires ,metal strips ,date palm ores and their effects ,inspired by contemporary metal woke for pre university students /
264 #0 - PRODUCTION, PUBLICATION, DISTRIBUTION, MANUFACTURE, AND COPYRIGHT NOTICE
Date of production, publication, distribution, manufacture, or copyright notice 2024.
300 ## - PHYSICAL DESCRIPTION
Extent 188+7 صفحة :
Other physical details إيضاحيات ؛
Dimensions 25 سم. +
Accompanying material CD.
336 ## - CONTENT TYPE
Content type term text
Source rda content
337 ## - MEDIA TYPE
Media type term Unmediated
Source rdamedia
338 ## - CARRIER TYPE
Carrier type term volume
Source rdacarrier
502 ## - DISSERTATION NOTE
Dissertation note أطروحة (ماجستير)-جامعة القاهرة، 2024.
504 ## - BIBLIOGRAPHY, ETC. NOTE
Bibliography, etc. note ببليوجرافيا: صفحات 1-7.
520 ## - SUMMARY, ETC.
Summary, etc. يهدف هذا البحث إلي " الإمكانات التشكيلية للتوليف بين الأسلاك والشرائح المعدنية وخامات النخيل كمدخل لاستلهام مشغولات معدنية لطلاب مرحلة ما قبل التعليم الجامعي ".ولقد تناولت الدارسة في الفصل الأول موضوع البحث ويشتمل علي مقدمة البحث ومشكلته وفروضه وأهدافه ثم أهميته وحدوده كما يتضمن منهج البحث واجراءاته والمصطلحات والدراسات المرتبطة به ،كما تناولت الدارسة في الفصل الثاني مفهوم التوليف بالخامات ودور الخامة وأساليب التوليف في المشغولة المعدنية ،بعد ذلك تناولت الدارسة عرض للتطور التاريخي للتوليف عبر العصور المختلفة ،قامت الدارسة في الفصل الثالث بتحليل أعمال فنية قائمة علي توليف الخامات والتي تبلغ عددها ثمانية عشر عملاً .ذكرت الدارسة في الفصل الرابع الممارسات التجريبية علي الأسلاك والشرائح المعدنية وخامات النخيل ،وفي الفصل الخامس قامت الدارسة بتجربة استكشافية وممارسات تطبيقية ذاتية وتوصيفها وتحليلها فنياً ،بعد ذلك قامت الدارسة بالممارسات التطبيقية علي بعض طلاب مرحلة ما قبل التعليم الجامعي ( المرحلة الثانوية ).
520 ## - SUMMARY, ETC.
Summary, etc. This research aims at " The plastic capabilities of the synthesis between wires , metal strips , date palm ores and their effects , inspired by contemporary metal woke for pre university students."The study looked at the topic of the research in Chapter 1, which includes the introduction to the research , its problem , its imposition , its objectives , its relevance and limitations, as well as the research curriculum , procedures , terminology and related studies.In Chapter 2 ,The study also looked at the concept of synthesis of ore , the role of raw materials and synthesis methods in mineral occupants.Then ,The study looked at a presentation of the historical development of synthesis over different times.In Chapter 3 , the study analyzed 18 works of art based on synthesis of ore.In Chapter 4 , the study mentioned experimental practices on wire , metal slides and palm ores. In Chapter 5 ,the study conducted exploratory experimentation and self-applied practices and described and analyzed them technically. Then , the study carried out applied practices on some pre-university students ( secondary level ).
530 ## - ADDITIONAL PHYSICAL FORM AVAILABLE NOTE
Issues CD صدر أيضًا كقرص مدمج.
546 ## - LANGUAGE NOTE
Text Language النص بالعربية والملخص باللغة الإنجليزية والعربية.
650 #7 - SUBJECT ADDED ENTRY--TOPICAL TERM
Topical term or geographic name entry element التعليم المهنى
Source of heading or term qrmak
650 #7 - SUBJECT ADDED ENTRY--TOPICAL TERM
Topical term or geographic name entry element الاشغال الفنية للمعادن
653 #0 - INDEX TERM--UNCONTROLLED
Uncontrolled term التوليف
-- المشغولات المعدنية
-- خامات النخيل
700 0# - ADDED ENTRY--PERSONAL NAME
Personal name علام محمود علام محمد
Relator term مشرف أطروحة.
700 0# - ADDED ENTRY--PERSONAL NAME
Personal name مروي عبد العاطي
Relator term مشرف أطروحة.
900 ## - Thesis Information
Grant date 24-12-2024
Supervisory body علام محمود علام محمد
-- مروي عبد العاطي
Discussion body أحمد سيد مرسي
-- هند خلف مرسي
Universities جامعة القاهرة
Faculties كلية التربية النوعية
Department قسم التربية الفنية
905 ## - Cataloger and Reviser Names
Cataloger Name Sara Salah
Reviser Names Afaf
942 ## - ADDED ENTRY ELEMENTS (KOHA)
Source of classification or shelving scheme Dewey Decimal Classification
Koha item type Thesis
Edition 21
Suppress in OPAC No
المقتنيات
Source of classification or shelving scheme Home library Current library Date acquired Inventory number Full call number Barcode Date last seen Effective from Koha item type
Dewey Decimal Classification المكتبة المركزبة الجديدة - جامعة القاهرة قاعة الرسائل الجامعية - الدور الاول 13.05.2026 33208 Cai01.25.01.M.Sc.2024.شا.إ 01010100033208000 13.05.2026 13.05.2026 Thesis
Cairo University Libraries Portal Implemented & Customized by: Eng. M. Mohamady Contacts: new-lib@cl.cu.edu.eg | cnul@cl.cu.edu.eg
CUCL logo CNUL logo
© All rights reserved — Cairo University Libraries
CUCL logo
Implemented & Customized by: Eng. M. Mohamady Contact: new-lib@cl.cu.edu.eg © All rights reserved — New Central Library
CNUL logo
Implemented & Customized by: Eng. M. Mohamady Contact: cnul@cl.cu.edu.eg © All rights reserved — Cairo National University Library